01097njm a2200277Ia 4500001000600000003000900006005001700015008004100032040001300073040001300086041001300099100003100112100001800143100003800161245001100199250001100210260002000221260005900241300001700300300002900317500005000346505021400396650005500610700007900665700007500744E7820IT-RoPAU20220918181146.0131025s9999 xx 000 0 und d aIT-RoPAU cIT-RoPAU aITALIANO aPremiata Forneria Marconi  eAutore musica gCodice autore musica SPICS: 11070 aUlisse a1a ed. aCOLOGNO MONZESE bRTI MUSICc1997 [1a Ed.:1997 - Ed. Lingua Orig.: 1997] aCOMPACT DISC c51 minuti (Testo: pag.) aMusica leggera. Canzone italiana. Cantautore. aDomani - Ieri (Tognazzi Ricky: voc) - Andare per andare - Sei - Il cavallo di legno - Ulisse - Uno in più - Canzone del ritorno - Il mio nome è Nessuno - Lettera al padre - Liberi dal bene liberi dal male. aCANZONE [COMPACT DISC]eCodice MATERIA SPICS: 9949 aIncenzo V.eAutore testo e musicagCodice autore testo/musica SPICS: 31034 aPremiata Forneria Marconi gCodice interprete SPICS: 11070eInterprete